Visualizzazione normale
Vista MARC
- FOLK [COMPACT DISC]
di Topical Term
Records bibliografici associati: 1
001 - CONTROL NUMBER
- control field: 32155
003 - CONTROL NUMBER IDENTIFIER
- control field: IT-RoPau
005 - DATE AND TIME OF LATEST TRANSACTION
- control field: 20140627093850.0
008 - FIXED-LENGTH DATA ELEMENTS
- fixed length control field: 140627|| aca||aabn | a|a d
040 ## - CATALOGING SOURCE
- Original cataloging agency: IT-RoPau
- Transcribing agency: IT-RoPau
150 ## - HEADING--TOPICAL TERM
- Topical term or geographic name entry element: FOLK [COMPACT DISC]
- : Codice MATERIA SPICS: 9949
670 ## - SOURCE DATA FOUND
- Source citation: Work cat.: (IT-RoPau)102064: Salinas Horacio 32152, En vivo en el monumental, 1998 [1a Ed.:1997 - Ed. Lingua Orig.: 1998]